[Event "IM"]
[Site "Orsha BLR"]
[Date "2008.01.23"]
[Round "4"]
[White "Bulanov,D"]
[Black "Tsyhanchuk,S"]
[Result "1-0"]
[WhiteElo "2260"]
[BlackElo "2072"]

1.e4 c5 2.Nf3 d6 3.d4 cxd4 4.Nxd4 Nf6 5.Nc3 a6 6.Be3 Nbd7 7.f3 e6 8.Qd2 Be7
9.O-O-O Qc7 10.g4 Ne5 11.g5 Nfd7 12.h4 Nb6 13.Kb1 Bd7 14.b3 Rc8 15.Nce2 Nec4
16.bxc4 Nxc4 17.Qc3 e5 18.Bc1 exd4 19.Nxd4 d5 20.Bxc4 Qxc4 21.Qxc4 dxc4 22.Nf5 Bxf5
23.exf5 Bb4 24.a3 Ba5 25.Rd5 Bc3 26.Bb2 Bxb2 27.Re1+ Kf8 28.Kxb2 Re8 29.Red1 h6
30.g6 fxg6 31.fxg6 Ke7 32.Rd7+ Kf6 33.R1d6+ Ke5 34.Rb6 Rhg8 35.Rdxb7 Ref8
36.Rxa6 Rxf3 37.Raa7 Rg3 38.Rxg7 Rxg6 39.Rxg8 Rxg8 40.Ra6 Kd4 41.Rd6+  1-0

[Event "FINEC GMA"]
[Site "St Petersburg RUS"]
[Date "2008.01.24"]
[Round "1"]
[White "Lanin,A"]
[Black "Savchenko,S"]
[Result "0-1"]
[WhiteElo "2456"]
[BlackElo "2558"]

1.e4 c5 2.Nf3 d6 3.d4 cxd4 4.Nxd4 Nf6 5.Nc3 a6 6.Be3 e5 7.Nb3 Be6 8.f3 h5
9.Qd2 Nbd7 10.a4 Rc8 11.a5 Be7 12.Be2 O-O 13.O-O Qc7 14.Rac1 Nc5 15.Nxc5 dxc5
16.Na4 c4 17.Nb6 c3 18.bxc3 Rcd8 19.Bd3 Nd7 20.Kh1 Bc5 21.Bxc5 Qxc5 22.Qg5 Qxc3
23.Qxh5 Nc5 24.f4 exf4 25.Bc4 Nxe4  0-1

[Event "Winter Open"]
[Site "Belgrade SRB"]
[Date "2008.01.25"]
[Round "4"]
[White "Nestorovic,N"]
[Black "Krstic,P"]
[Result "1/2-1/2"]
[WhiteElo "2421"]
[BlackElo "2302"]

1.e4 c5 2.Nf3 d6 3.d4 cxd4 4.Nxd4 Nf6 5.Nc3 a6 6.Be3 e5 7.Nf3 Be7 8.Bc4 O-O
9.O-O Be6 10.Bb3 Nc6 11.Qe2 Na5 12.Rfd1 Nxb3 13.axb3 Qc7 14.Bg5 Ng4 15.Bxe7 Qxe7
16.h3 Nf6 17.Nd2 b5 18.Nf1 b4 19.Nd5 Bxd5 20.exd5 a5 21.Ne3 Rfc8 22.Qb5 Rc5
23.Qb6 Nd7 24.Qb7 Qd8 25.Nc4 Rc7 26.Qb5 Rc5 27.Qb7 Rc7 28.Qb5  1/2-1/2

[Event "Open"]
[Site "Marianske Lazne CZE"]
[Date "2008.01.25"]
[Round "8"]
[White "Hansen,TR"]
[Black "Urkedal,F"]
[Result "1/2-1/2"]
[WhiteElo "2354"]
[BlackElo "2264"]

1.e4 c5 2.Nf3 d6 3.d4 cxd4 4.Nxd4 Nf6 5.Nc3 a6 6.Be3 e6 7.g4 h6 8.f4 e5 9.Nf5 h5
10.g5 Nxe4 11.Nxg7+ Bxg7 12.Nxe4 d5 13.Nf6+ Bxf6 14.gxf6 Qxf6 15.Qd2 d4 16.Bf2 Nc6
17.O-O-O Bg4 18.Re1 Bf3 19.Rg1 e4 20.Bd3 O-O-O 21.Bxe4 Bxe4 22.Rxe4 Rhe8
23.Rge1 Rxe4 24.Rxe4 Qf5 25.Qe2 Qd5 26.Bh4 Rg8 27.b3 Rg1+ 28.Kb2 Qc5 29.Be1 Kc7
30.a3 Qd5 31.Qd3 Rg2 32.Re2 Rxe2 33.Qxe2 Qf5 34.Bd2 b5 35.Qf3 Kb6 36.Qe2 Kb7
37.Qf3 Kb6 38.Qe2 Kb7 39.Qf3 Kb6  1/2-1/2

[Event "ch-Reykjavik"]
[Site "Reykjavik ISL"]
[Date "2008.01.25"]
[Round "9"]
[White "Sigurdsson,P"]
[Black "Jonsson,Ol"]
[Result "1/2-1/2"]
[WhiteElo "1863"]
[BlackElo "1924"]

1.e4 c5 2.Nf3 d6 3.d4 cxd4 4.Nxd4 Nf6 5.Nc3 a6 6.Be3 e5 7.Nb3 Be6 8.Bg5 Nbd7
9.f3 Be7 10.Bxf6 Nxf6 11.Nd5 Nxd5 12.exd5 Bf5 13.Bd3 Bxd3 14.Qxd3 Qb6 15.O-O-O O-O
16.h4 Rac8 17.Kb1 Rc7 18.g4 Rfc8 19.Rh2 a5 20.Ka1 a4 21.Nc1 Rc4 22.g5 Qc5
23.c3 Bd8 24.a3 Ba5 25.Na2 b5 26.h5 Rf4 27.g6 fxg6 28.hxg6 h6 29.Rdh1 Rcf8
30.Rh3 Qc4 31.Qd1 e4 32.Nb4 Bxb4 33.cxb4 Rxf3 34.Rxf3 Rxf3 35.Re1 Rf2 36.Qg4 Qxd5
37.Rc1 Rf8 38.Rc8 Qe5 39.Qd7 Qf6 40.Rxf8+ Kxf8 41.Qxb5 Qxg6 42.Qxa4 Qe6 43.b5 e3
44.Qa8+ Qe8 45.Qf3+ Kg8 46.Qe2 d5 47.b6 d4 48.b7 Kh8 49.b4 Qe5 50.Qf3 e2
51.Qxe2 Qxe2 52.b8=Q+ Kh7 53.Qf4 Qd1+ 54.Ka2 Qc2+ 55.Ka1 Qd3 56.Ka2 Qc4+
57.Ka1 Qd5 58.Kb2 Qg2+ 59.Kb3 Qh3+ 60.Ka2 Qg2+  1/2-1/2

[Event "6th ch-PriFO Men"]
[Site "Kazan RUS"]
[Date "2008.01.26"]
[Round "4"]
[White "Fedotov,I"]
[Black "Ibraev,V"]
[Result "0-1"]
[WhiteElo "1969"]
[BlackElo "2277"]

1.e4 c5 2.Nf3 d6 3.d4 cxd4 4.Nxd4 Nf6 5.Nc3 a6 6.Be3 e5 7.Nb3 Be7 8.f3 Be6
9.Qd2 b5 10.O-O-O Nbd7 11.g4 Nb6 12.Qf2 Nfd7 13.Nd5 Bxd5 14.exd5 Nc4 15.Bxc4 bxc4
16.Nd2 c3 17.Nb3 cxb2+ 18.Kb1 O-O 19.h4 Qc7 20.g5 a5 21.a4 Qc4 22.h5 Qxa4
23.g6 hxg6 24.hxg6 fxg6 25.Qg2 Rfc8 26.Qxg6 Nf8 27.Qd3 Qc4 28.Kxb2 a4 29.Qxc4 Rxc4
30.Nd2 Rb8+ 31.Ka3 Rc3+  0-1

[Event "6th ch-PriFO Men"]
[Site "Kazan RUS"]
[Date "2008.01.26"]
[Round "4"]
[White "Bukavshin,I"]
[Black "Mustakayev,A"]
[Result "1/2-1/2"]
[WhiteElo "2255"]
[BlackElo "2326"]

1.e4 c5 2.Nf3 d6 3.d4 cxd4 4.Nxd4 Nf6 5.Nc3 a6 6.Be3 e5 7.Nf3 Qc7 8.a4 b6
9.Nd5 Nxd5 10.Qxd5 Nc6 11.Ng5 Bb7 12.Bxb6 Nd4 13.Bxc7 Bxd5 14.Bd3 Bb7 15.Bb6 h6
16.Bxd4 hxg5 17.Be3 g4 18.a5 f5 19.f3 d5 20.exd5 f4 21.Bd2 gxf3 22.gxf3 Bxd5
23.Ke2 Rh3 24.Raf1 g5 25.c4 Be6 26.Bc3 e4 27.Bxe4 Bxc4+ 28.Kf2 Bxf1 29.Bxa8 Bc4
30.Re1+ Kf7 31.Kg2 Rh6 32.Re4 Bb3 33.Re5 Be7 34.Bb7 Bc4 35.Rf5+ Ke8 36.Re5 Kd7
37.Be4 Bb5 38.Bf5+ Kd8 39.Bd4 Rd6 40.Bb6+ Ke8 41.Bc5 Rd2+ 42.Kg1 Re2 43.Bg6+ Kd7
44.Bf5+ Kc6 45.Rxe2 Bxc5+ 46.Kf1  1/2-1/2

[Event "FINEC GMB"]
[Site "St Petersburg RUS"]
[Date "2008.01.26"]
[Round "3"]
[White "Klimov,S"]
[Black "Tihonov,J"]
[Result "0-1"]
[WhiteElo "2483"]
[BlackElo "2497"]

1.e4 c5 2.Nf3 d6 3.d4 cxd4 4.Nxd4 Nf6 5.Nc3 a6 6.Be3 e5 7.Nb3 Be6 8.f3 h5
9.Qd2 Nbd7 10.Nd5 Bxd5 11.exd5 Qc7 12.Na5 g6 13.c4 Bg7 14.Be2 b6 15.Nc6 Nb8
16.Rd1 O-O 17.O-O a5 18.Qd3 Re8 19.Qb3 Nbd7 20.Kh1 Nc5 21.Qc2 Qd7 22.b3 e4
23.Bd4 exf3 24.Bxf3 Nfe4 25.Bxg7 Kxg7 26.a3 Ng5 27.b4 axb4 28.axb4 Nce4 29.Qb2+ Kg8
30.Be2 f5 31.Qd4 Qg7 32.Bd3 Ra2 33.Kg1 h4 34.h3 Nxh3+ 35.gxh3 Qh6 36.Bxe4 Rxe4  0-1

[Event "Winter Open"]
[Site "Belgrade SRB"]
[Date "2008.01.30"]
[Round "9"]
[White "Krstic,P"]
[Black "Mihajlovic,M"]
[Result "0-1"]
[WhiteElo "2302"]
[BlackElo "2220"]

1.e4 c5 2.Nf3 d6 3.d4 cxd4 4.Nxd4 Nf6 5.Nc3 a6 6.Be3 e5 7.Nb3 Be7 8.f3 h5
9.Qd2 Be6 10.O-O-O Nbd7 11.Nd5 Bxd5 12.exd5 Rc8 13.Kb1 O-O 14.Na5 Qc7 15.c4 Rfe8
16.Be2 Bf8 17.Rc1 e4 18.f4 Nc5 19.Nb3 Nxb3 20.axb3 a5 21.Qd1 Ra8 22.Bxh5 a4
23.Be2 a3 24.Bd4 Be7 25.bxa3 Rxa3 26.Bb2 Rea8 27.Kc2 Qb6 28.Bxa3 Rxa3 29.Rb1 Nd7
30.Qc1 Ra2+ 31.Rb2 Nc5 32.Rxa2 Qxb3+ 33.Kd2 Qxa2+ 34.Ke3 Bf6 35.Qd2 Qa7 36.Qc2 Nd3+
37.Kd2 e3+  0-1

[Event "6th ch-PriFO Men"]
[Site "Kazan RUS"]
[Date "2008.01.30"]
[Round "8"]
[White "Geller,J"]
[Black "Voitsekhovsky,S"]
[Result "1/2-1/2"]
[WhiteElo "2511"]
[BlackElo "2493"]

1.e4 c5 2.Nf3 d6 3.d4 cxd4 4.Nxd4 Nf6 5.Nc3 a6 6.Be3 e5 7.Nf3 Qc7 8.a4 h6
9.a5 Be6 10.Nd5 Nxd5 11.exd5 Bg4 12.Bd3 Nd7 13.h3 Bxf3 14.Qxf3 g6 15.c4 Bg7
16.Qe2 f5 17.f3 O-O 18.O-O Rae8 19.Qd2 g5 20.Rac1 e4 21.fxe4 f4 22.Bf2 Ne5
23.c5 g4 24.hxg4 Qd7 25.cxd6 Qxg4 26.Bb6 f3 27.Bb1 f2+ 28.Rxf2 Rxf2 29.Kxf2 Rf8+
30.Ke1 Bf6 31.Qe2 Bh4+ 32.Kd2 Bg5+ 33.Be3 Qg3 34.Bxg5 Rf2 35.Be3 Rxe2+ 36.Kxe2 Qxg2+
37.Kd1 Nc4 38.Rxc4 Qf1+ 39.Kd2 Qxc4 40.d7 Qb4+ 41.Kd3 Qb5+ 42.Kd4 Qxd7 43.Ba2 Qg7+
44.e5 Qg4+ 45.Kc5 Qa4 46.d6+ Kg7 47.Be6 Qb5+ 48.Kd4 Qxb2+ 49.Ke4 Qb1+ 50.Kd4 Qb2+
51.Ke4 Qb4+ 52.Kd3 Qb1+  1/2-1/2

[Event "6th Gibtelecom Masters"]
[Site "Gibraltar ENG"]
[Date "2008.01.31"]
[Round "10"]
[White "Hillarp Persson,T"]
[Black "Molina,Ant"]
[Result "1-0"]
[WhiteElo "2535"]
[BlackElo "2189"]

1.e4 c5 2.Nf3 d6 3.d4 cxd4 4.Nxd4 Nf6 5.Nc3 a6 6.Be3 Ng4 7.Bg5 h6 8.Bh4 g5
9.Bg3 Bg7 10.h3 Ne5 11.Nf5 Bxf5 12.exf5 Qa5 13.Qd5 Nbc6 14.Qxa5 Nxa5 15.Nd5 Rc8
16.O-O-O b5 17.c3 Nac6 18.h4 Kf8 19.Kb1 Kg8 20.f3 e6 21.fxe6 fxe6 22.Ne3 d5
23.a3 Kf7 24.Be2 Bf6 25.hxg5 hxg5 26.Bf2 Rcd8 27.Nc2 Ng6 28.g3 e5 29.Bd3 Nge7
30.Ne3 Ke6 31.Ng4 Bg7 32.Be3 Rdf8 33.Rxh8 Bxh8 34.Rh1 Bf6 35.Rh6 Ng8 36.Rh5 Be7
37.Be2 Nf6 38.Nxf6 Bxf6 39.Bxg5 Bxg5 40.Rxg5 Rh8 41.Rg6+ Kd7 42.a4 Rb8 43.axb5 axb5
44.Kc2 b4 45.f4 bxc3 46.bxc3 exf4 47.gxf4 Kc7 48.Rf6 Kb6 49.Bg4 Rd8 50.Kd3 Kc5
51.Bf3 Na5 52.Ke3 Nc4+ 53.Kf2 Nd2 54.Re6 Ra8 55.Re5 Nxf3 56.Kxf3 Kc4 57.Re3 Rf8
58.Re5 d4 59.cxd4 Kxd4 60.Ra5 Re8 61.Kg4 Rg8+ 62.Rg5 Rf8 63.Rg7 Kd5 64.Rg6 Ra8
65.Kg5 Ra5 66.f5 Ra1 67.Re6 Rg1+ 68.Kf6 Rf1 69.Kg6 Rf2 70.Re1 Kd6 71.f6 Rg2+
72.Kh7 Kd7 73.f7 Rf2 74.Kg7  1-0

[Event "FINEC GMA"]
[Site "St Petersburg RUS"]
[Date "2008.01.31"]
[Round "8"]
[White "Lanin,A"]
[Black "Brodsky,M"]
[Result "1/2-1/2"]
[WhiteElo "2456"]
[BlackElo "2572"]

1.e4 c5 2.Nf3 d6 3.d4 cxd4 4.Nxd4 Nf6 5.Nc3 a6 6.Be3 e5 7.Nb3 Be6 8.Qd2 Nbd7
9.f4 Qc7 10.f5 Bc4 11.h3 b5 12.a3 h5 13.O-O-O Rb8 14.Kb1 Be7 15.Bg5 a5 16.Bxf6 Nxf6
17.Qe3 Kf8 18.Nd2 Bxf1 19.Rhxf1 b4 20.Nd5 Nxd5 21.exd5 Rc8 22.Qd3 bxa3 23.bxa3 Bf6
24.Ne4 Ke7 25.c3 Rb8+ 26.Ka2 Rhc8 27.Rb1 h4 28.Rxb8 Rxb8 29.c4 Kd8 30.Rb1 Rxb1
31.Kxb1 Qb6+ 32.Ka2 Kc7 33.Qd2 Bd8 34.c5 dxc5 35.Qc3 a4 36.Nxc5 Kd6 37.Nxa4 Qb5
38.Nb2 Qxd5+ 39.Nc4+ Kc5 40.Kb3 Qd1+ 41.Ka2 Qd5 42.Kb3 Qb7+ 43.Kc2 Qxg2+
44.Nd2+ Kd6 45.Qd3+ Kc7 46.Qc4+ Qc6 47.Kd3 Qxc4+ 48.Nxc4 f6 49.Ke4 Kc6 50.Ne3 Bb6
51.Nd5 Ba5 52.Ne7+ Kd6 53.Ng6 Be1 54.Nf8 Ke7 55.Ng6+ Kd6 56.Nf8 Ke7 57.Ng6+  1/2-1/2

[Event "FSGM February"]
[Site "Budapest HUN"]
[Date "2008.02.02"]
[Round "1"]
[White "Leviczki,T"]
[Black "Nguyen Huynh Minh Huy"]
[Result "0-1"]
[WhiteElo "2396"]
[BlackElo "2398"]

1.e4 c5 2.Nf3 d6 3.d4 cxd4 4.Nxd4 Nf6 5.Nc3 a6 6.Be3 e5 7.Nb3 Be6 8.f3 Be7
9.Nd5 Nxd5 10.exd5 Bf5 11.Qd2 a5 12.a4 O-O 13.Bb5 Nd7 14.O-O Bg6 15.Rad1 Qc7
16.c4 Rfd8 17.Kh1 b6 18.f4 Nc5 19.Nxc5 bxc5 20.f5 Bh5 21.Rc1 f6 22.h3 g5
23.g4 Bf7 24.h4 h5 25.hxg5 hxg4 26.g6 Bxg6 27.fxg6 Kg7 28.Kg2 Rh8 29.Qd3 Rh5
30.Rc2 Rah8 31.Bg1 Qc8 32.Rcf2 R8h6 33.Rf5 Rh3 34.Qe4 Rxg6 35.R1f2 Qh8 36.Kf1 Qh6
37.Rg2 Rh1 38.Qc2 Rg5 39.Bd7 Rxf5+ 40.Bxf5 Qf4+ 41.Ke1 Qe3+ 42.Kf1 g3 43.Be4 Qf4+
44.Ke1 Kh8 45.b3 Bf8 46.Bd3 Bh6 47.Be4 Bg5 48.Kd1 Qf1+  0-1

[Event "FSGM February"]
[Site "Budapest HUN"]
[Date "2008.02.04"]
[Round "3"]
[White "Mihok,O"]
[Black "Nguyen Huynh Minh Huy"]
[Result "0-1"]
[WhiteElo "2351"]
[BlackElo "2398"]

1.e4 c5 2.Nf3 d6 3.d4 cxd4 4.Nxd4 Nf6 5.Nc3 a6 6.Be3 e5 7.Nb3 Be6 8.f3 Nbd7
9.g4 Nb6 10.g5 Nh5 11.Qd2 Be7 12.O-O-O O-O 13.Rg1 Rc8 14.Kb1 g6 15.Qf2 Nc4
16.Bxc4 Rxc4 17.Nd5 Bxd5 18.Rxd5 Qd7 19.Nd2 Rc6 20.f4 exf4 21.Bxf4 Qe6 22.Bg3 f6
23.gxf6 Nxf6 24.Qd4 Rfc8 25.Rc1 Nd7 26.Qe3 Bf6 27.Nb3 Nb6 28.Qd3 Nc4 29.c3 Qe7
30.Rc2 b5 31.Nd4 Rb6 32.Bf4 Rb7 33.Nf3 Re8 34.Re2 Rd7 35.Re1 Red8 36.Rd1 Bg7
37.h4 Qf7 38.Bc1 Rf8 39.Ng5 Qe8 40.Rg1 h6 41.Nh3 Ne5 42.Qc2 Nf3 43.Rgd1 Nxh4
44.Rxd6 Rxd6 45.Rxd6 g5 46.Nf2 Rf6 47.Rd1 Qe6 48.e5 Rf8 49.Nd3 Nf3 50.Nc5 Qf5
51.Nd7 Qxc2+ 52.Kxc2 Re8 53.Rd6 Nxe5 54.Nxe5 Rxe5 55.Rxa6 h5 56.Rg6 g4 57.Bh6 Kh7
58.Bxg7 Rd5 59.Rc6 Kxg7 60.c4 bxc4 61.Rxc4 g3 62.Rc3 Rg5  0-1

[Event "Velammal 45th National A ch-IND"]
[Site "Chennai IND"]
[Date "2008.02.06"]
[Round "4"]
[White "Roy Chowdhury,S"]
[Black "Ramesh,R"]
[Result "1/2-1/2"]
[WhiteElo "2418"]
[BlackElo "2473"]

1.e4 c5 2.Nf3 d6 3.d4 cxd4 4.Nxd4 Nf6 5.Nc3 a6 6.Be3 e5 7.Nde2 Nc6 8.Ng3 Be6
9.Be2 d5 10.exd5 Nxd5 11.Nxd5 Qxd5 12.Qxd5 Bxd5 13.O-O Nb4 14.c4 Be6 15.Bb6 f5
16.Rfd1 Be7 17.Nf1 Bd8 18.Bc5 Be7 19.Bb6 Kf7 20.Ne3 Bd8 21.Bc5 Be7  1/2-1/2

[Event "TCh-FIN 2007-8"]
[Site "Finland FIN"]
[Date "2008.02.09"]
[Round "6"]
[White "Niemi,K"]
[Black "Agopov,M"]
[Result "1/2-1/2"]
[WhiteElo "2287"]
[BlackElo "2444"]

1.e4 c5 2.Nf3 d6 3.d4 cxd4 4.Nxd4 Nf6 5.Nc3 a6 6.Be3 e6 7.f3 Nc6 8.Qd2 Be7
9.O-O-O O-O 10.g4 Nxd4 11.Bxd4 b5 12.g5 Nd7 13.h4 Qc7 14.Kb1 b4 15.Na4 Bb7
16.b3 d5 17.exd5 Bxd5 18.Qe3 Qc6 19.Be2 Rac8 20.Rd2 e5 21.Bb2 Be6 22.Bd3 Rfd8
23.h5 a5 24.Be4 Qc7 25.Rg2 Qd6 26.g6 fxg6 27.h6 Bf8 28.hxg7 Bxg7 29.Qg5 Nf8
30.f4 Bf7 31.Bxe5 Bxe5 32.fxe5 Qd4 33.Bd3 Rd5 34.Re2 Re8 35.Rhe1 Nd7 36.Bc4 Rdxe5
37.Bxf7+ Kxf7 38.Rxe5 Rxe5 39.Rf1+ Kg7 40.Qd8 Re6 41.Nb6 Rf6 42.Rxf6 Qg1+
43.Kb2 Qd4+ 44.Kb1 Qd1+ 45.Kb2 Qd4+ 46.Kb1 Qg1+  1/2-1/2

[Event "2nd Int Open Congress"]
[Site "Brentwood ENG"]
[Date "2008.02.16"]
[Round "2"]
[White "Mutale,E"]
[Black "Sen,S"]
[Result "1-0"]
[WhiteElo "1828"]
[BlackElo "2010"]

1.e4 c5 2.Nf3 d6 3.d4 cxd4 4.Nxd4 Nf6 5.Nc3 a6 6.Be3 e5 7.Nb3 Be6 8.f3 h5
9.Qd2 Nbd7 10.Nd5 Rc8 11.Be2 Bxd5 12.exd5 Nb6 13.Bxb6 Qxb6 14.O-O-O g6 15.Kb1 Qc7
16.Rhe1 Bg7 17.h3 h4 18.Bf1 Bh6 19.Qd3 Nh5 20.Nd2 b5 21.c4 Nf4 22.Qb3 bxc4
23.Qa4+ Kf8 24.Nxc4 Nxg2 25.Nxd6 Qxd6 26.Bxg2 Kg7 27.Bf1 Rb8 28.b3 Rb6 29.Re4 Qf6
30.Be2 Bf4 31.Rc4 Qf5+ 32.Kb2 Qxh3 33.d6 Rd8 34.Rxf4 Qh2 35.Re4 f5 36.Re3 Qf2
37.Rxe5 Rbxd6 38.Rxd6 Rxd6 39.Qb4 Rd4 40.Qc3 h3 41.Re3 Qh4 42.Rd3 h2 43.Rxd4 Qf2
44.Rh4+ Kf7 45.Rh7+ Ke6 46.Qc4+ Ke5 47.f4+  1-0

[Event "10th TCh-Euro sen"]
[Site "Dresden GER"]
[Date "2008.02.16"]
[Round "6"]
[White "Rosen,W"]
[Black "Olejarczyk,B"]
[Result "1-0"]
[WhiteElo "2335"]
[BlackElo "2163"]

1.e4 c5 2.Nf3 d6 3.d4 cxd4 4.Nxd4 Nf6 5.Nc3 a6 6.Be3 e5 7.Nb3 Be6 8.Qd2 Be7
9.O-O-O Nbd7 10.f3 b5 11.g4 O-O 12.g5 Nh5 13.Rg1 Rc8 14.Nd5 Bxd5 15.exd5 Nb6
16.Na5 Nxd5 17.Qxd5 Qxa5 18.Bd3 g6 19.Kb1 Qc7 20.Rg4 Ng7 21.h4 Rfd8 22.Rh1 Qc6
23.Be4 Qxd5 24.Bxd5 Rd7 25.a4 Nf5 26.Bf2 Bd8 27.axb5 Ne7 28.Bc4 d5 29.Bd3 axb5
30.Bxb5 Rdc7 31.Bd3 Rb8 32.Ra4 Nc6 33.Bg3 f5 34.Re1 f4 35.Bf2 Rcb7 36.b3 Ba5
37.Rxa5 Nxa5 38.Rxe5 Nxb3 39.Rxd5 Nd2+ 40.Kc1 Nxf3 41.Kd1 Re7 42.c3 Rc8 43.Bc5 Rec7
44.Bb4 Nxh4 45.Rd4 Nf3 46.Rxf4 Nxg5 47.c4 Ne6 48.Rf6 Nc5 49.Be2 Rc6 50.Rf4 Ne6
51.Re4 h5 52.Kc2 Kf7 53.Kc3 Nc5 54.Rf4+ Rf6 55.Rd4 Re6 56.Bd1 Ne4+ 57.Kb3 Kf6
58.Bc2 Nc5+ 59.Kc3 g5 60.Rd5 Ne4+ 61.Kd4 Rce8 62.c5 h4 63.Rd7 h3 64.Rh7 g4
65.c6 Rd8+ 66.Rd7 Ree8 67.Bxe4 Rxe4+ 68.Kxe4 h2 69.Rh7 g3 70.c7 Re8+ 71.Kf3 Kg6
72.Rh3 Re3+ 73.Kg2 Re2+ 74.Kxg3 Rc2 75.Bd6  1-0

[Event "10th TCh-Euro sen"]
[Site "Dresden GER"]
[Date "2008.02.17"]
[Round "7"]
[White "Meier,W"]
[Black "Standal,B"]
[Result "1-0"]
[WhiteElo "2207"]
[BlackElo "1901"]

1.e4 c5 2.Nf3 d6 3.d4 cxd4 4.Nxd4 Nf6 5.Nc3 a6 6.Be3 e5 7.Nb3 Be6 8.Be2 Be7
9.Qd2 Qc7 10.O-O Nbd7 11.f3 b5 12.Kh1 Nb6 13.Bxb6 Qxb6 14.Nc1 Rc8 15.a3 O-O
16.N1a2 Rc5 17.Nb4 Bc4 18.Bxc4 bxc4 19.Na4 Qb7 20.Nxc5 dxc5 21.Nd5 Nxd5 22.Qxd5  1-0

[Event "Stillwater Winter FIDE"]
[Site "Oklahoma USA"]
[Date "2008.02.17"]
[Round "5"]
[White "Nugent,M"]
[Black "Langer,M USA"]
[Result "1/2-1/2"]
[WhiteElo "1915"]
[BlackElo "2314"]

1.e4 c5 2.Nf3 d6 3.d4 cxd4 4.Nxd4 Nf6 5.Nc3 a6 6.Be3 e5 7.Nb3 Be6 8.f3 Be7
9.Qd2 O-O 10.O-O-O b5 11.g4 b4 12.Nd5 Bxd5 13.exd5 a5 14.Kb1 Qc7 15.g5 Nfd7
16.Rg1 Nb6 17.h4 Nc4 18.Bxc4 Qxc4 19.Rg4 Qb5 20.Rdg1 Na6 21.h5 f5 22.gxf6 Bxf6
23.Bh6 Ra7 24.Bxg7 Rxg7 25.Rxg7+ Bxg7 26.Qg5 Qd7 27.h6 Rxf3 28.Nxa5 Rf7 29.Nc6 Nc5
30.Nd8 Ne4 31.Qe3 Qxd8 32.Qxe4 Qf6 33.hxg7 Qf1+ 34.Qe1 Qxe1+ 35.Rxe1 Rxg7
36.Kc1 Rg4 37.Re2 Rd4 38.Rg2+ Kf7 39.Rh2 Kg6 40.Rg2+ Kf5 41.Rh2 e4 42.c3 bxc3
43.bxc3 Ra4 44.Rxh7 Rxa2 45.Re7 Kf4 46.Rf7+ Ke3 47.Rf6 Kd3 48.Rxd6 Rc2+ 49.Kb1 Rxc3
50.Re6 e3 51.d6 Rc8 52.d7 Rd8 53.Rd6+ Ke2 54.Kc2  1/2-1/2

[Event "6th Festival Gp B"]
[Site "Nancy FRA"]
[Date "2008.02.18"]
[Round "1"]
[White "Ramaswamy,A"]
[Black "Pucher,S"]
[Result "1-0"]
[WhiteElo "2322"]
[BlackElo "2241"]

1.e4 c5 2.Nf3 d6 3.d4 cxd4 4.Nxd4 Nf6 5.Nc3 a6 6.Be3 e5 7.Nf3 Be7 8.Bc4 O-O
9.O-O Be6 10.Bb3 Nc6 11.Qe2 Qc7 12.Bg5 Rac8 13.Rfd1 h6 14.Bxf6 Bxf6 15.Nd5 Bxd5
16.Rxd5 Na5 17.c3 Be7 18.Rad1 Qb6 19.Nd2 Bg5 20.Qg4 Bxd2 21.R1xd2 Nxb3 22.axb3 Qxb3
23.Rxd6 Rc7 24.Rxh6 Qa4 25.Rh4 Qa1+ 26.Qd1 Qxd1+ 27.Rxd1 f6 28.Rh3 Rc4 29.Re3 Rfc8
30.Rd7 R8c7 31.Rxc7 Rxc7 32.Kf1 Rc6 33.Rd3 Rb6 34.Rd2 Kf8 35.h4 Ke7 36.h5 Rb3
37.Ke2 Rb6 38.g4 Rc6 39.f3 Rc8 40.Ke3 b5 41.Rd1 b4 42.cxb4 Rb8 43.Rd3 Rxb4
44.b3 a5 45.Rc3 a4 46.bxa4 Rxa4 47.Rc7+ Kf8 48.g5 Ra6 49.h6 gxh6 50.gxh6 Kg8
51.h7+ Kh8 52.Kf2 f5 53.exf5 Rf6 54.Ke3 Rxf5 55.Re7 Rh5 56.Ke4 Rh4+ 57.Kf5 Rh3
58.Kg4 Rh1 59.Rxe5 Rg1+ 60.Kf5 Kxh7 61.Re7+ Kg8 62.f4 Ra1 63.Kf6 Kf8  1-0

[Event "6th Festival Gp B"]
[Site "Nancy FRA"]
[Date "2008.02.22"]
[Round "7"]
[White "Delorme,Ax"]
[Black "Pucher,S"]
[Result "1-0"]
[WhiteElo "2366"]
[BlackElo "2241"]

1.e4 c5 2.Nf3 d6 3.d4 cxd4 4.Nxd4 Nf6 5.Nc3 a6 6.Be3 e5 7.Nf3 Be7 8.Bc4 O-O
9.O-O Be6 10.Bxe6 fxe6 11.Na4 Nbd7 12.Ng5 Qa5 13.Nc3 Rfc8 14.Nxe6 Qb4 15.Bg5 Qc4
16.Bxf6 Nxf6 17.Nd5 Nxd5 18.exd5 Qxc2 19.Qg4 Bf6 20.Qb4 b5 21.Qxd6 e4 22.Qb6 Bxb2
23.Rad1 Bf6 24.d6 Qc6 25.Qe3 Qc4 26.Nc7 Rab8 27.Nxa6 Ra8 28.Nc7 Rxa2 29.d7 Rd8
30.Qb6 b4 31.Qe6+ Qxe6 32.Nxe6 Raa8 33.Nxd8 Rxd8 34.Rfe1 Kf7 35.Rxe4 b3 36.Rb4 b2
37.Kf1 Ke6 38.Rb6+ Ke7 39.Rb7 Ke6 40.Ke2 Ra8 41.d8=Q Bxd8 42.Rxb2 Bf6 43.Rc2 h5
44.Rb1 Kf5 45.Rb5+ Kg6 46.g3 Ra4 47.h4 Ra8 48.Kf3 Ra3+ 49.Kg2 Ra8 50.Rcc5 Rh8
51.Rd5 Be7 52.Rd7 Bf6 53.f4 Ra8 54.Rdd5 Rh8 55.g4 hxg4 56.h5+ Kh6 57.Kg3 Ra8
58.Kxg4 Rc8 59.Rb7 Ra8 60.Rdb5 Kh7 61.h6 Kxh6 62.Rh5+  1-0

[Event "XI Open"]
[Site "Malaga ESP"]
[Date "2008.02.23"]
[Round "1"]
[White "Gomez Peco,D"]
[Black "Roeder,M"]
[Result "0-1"]
[WhiteElo "1961"]
[BlackElo "2461"]

1.e4 c5 2.Nf3 d6 3.d4 cxd4 4.Nxd4 Nf6 5.Nc3 a6 6.Be3 e5 7.Nb3 Be7 8.f3 Be6
9.Qd2 O-O 10.O-O-O Qc7 11.Kb1 Nbd7 12.g4 Rfc8 13.h4 b5 14.h5 h6 15.g5 hxg5
16.Bd3 b4 17.Nd5 Bxd5 18.exd5 a5 19.Bxg5 a4 20.Nc1 a3 21.Qg2 axb2 22.Bh6 bxc1=Q+
23.Rxc1 Bf8 24.Bxg7 Bxg7 25.h6 Kf8 26.Qxg7+ Ke7 27.Bg6 Qa5 28.Qxf7+ Kd8 29.Rcg1 Qxa2+
30.Kc1 b3 31.Kd2 Rxc2+ 32.Bxc2 Qxc2+ 33.Ke3 Qc5+  0-1

[Event "XI Open"]
[Site "Malaga ESP"]
[Date "2008.02.24"]
[Round "3"]
[White "Eyo Castro Rial,A"]
[Black "Roeder,M"]
[Result "0-1"]
[WhiteElo "2219"]
[BlackElo "2461"]

1.e4 c5 2.Nf3 d6 3.d4 cxd4 4.Nxd4 Nf6 5.Nc3 a6 6.Be3 e5 7.Nb3 Be7 8.f3 Be6
9.Qd2 O-O 10.O-O-O Nbd7 11.g4 b5 12.g5 b4 13.Ne2 Ne8 14.Ng3 a5 15.Kb1 a4
16.Nc1 b3 17.cxb3 axb3 18.a3 Nc7 19.h4 d5 20.exd5 Nxd5 21.Bf2 Qc7 22.h5 Bxa3
23.bxa3 Nc3+ 24.Kb2 Nc5 25.Bxc5 Nxd1+ 26.Qxd1 Qxc5 27.Ne4 Qxa3+  0-1

[Event "4th Rectors Cup"]
[Site "Belgorod RUS"]
[Date "2008.02.25"]
[Round "1"]
[White "Benza,A"]
[Black "Danin,A"]
[Result "1-0"]
[WhiteElo "2333"]
[BlackElo "2480"]

1.e4 c5 2.Nf3 d6 3.d4 cxd4 4.Nxd4 Nf6 5.Nc3 a6 6.Be3 e5 7.Nf3 Be7 8.Bc4 O-O
9.O-O Be6 10.Qd3 Bxc4 11.Qxc4 b5 12.Qd3 Nbd7 13.Rfd1 Rc8 14.Bg5 b4 15.Na4 Qa5
16.b3 d5 17.exd5 e4 18.Qe2 Qb5 19.Nd4 Qxd5 20.Bh4 Qb7 21.Nf5 Rfe8 22.Nxe7+ Rxe7
23.Nb2 Re6 24.Rd4 Nd5 25.Qd2 N7b6 26.a3 a5 27.axb4 axb4 28.Ra5 e3 29.fxe3  1-0

[Event "4th Rectors Cup"]
[Site "Belgorod RUS"]
[Date "2008.02.25"]
[Round "1"]
[White "Ivanov,AA"]
[Black "Solodovnichenko,Y"]
[Result "1/2-1/2"]
[WhiteElo "2430"]
[BlackElo "2541"]

1.e4 c5 2.Nf3 d6 3.d4 Nf6 4.Nc3 cxd4 5.Nxd4 a6 6.Be3 e6 7.f3 Nc6 8.Qd2 Be7
9.g4 O-O 10.O-O-O Nd7 11.h4 Nde5 12.Be2 Nxd4 13.Bxd4 b5 14.g5 Bb7 15.Kb1 Nc6
16.Qe3 Nxd4 17.Qxd4 Qa5 18.a3  1/2-1/2

[Event "25th Festival Open A"]
[Site "Bled SLO"]
[Date "2008.02.26"]
[Round "5"]
[White "Plenca,J"]
[Black "Grilc,A"]
[Result "1/2-1/2"]
[WhiteElo "2256"]
[BlackElo "2113"]

1.e4 c5 2.Nf3 d6 3.d4 cxd4 4.Nxd4 Nf6 5.Nc3 a6 6.Be3 e5 7.Nf3 Be7 8.Bc4 O-O
9.O-O Be6 10.Bxe6 fxe6 11.Na4 Ng4 12.Bb6 Qe8 13.c4 Nd7 14.Bc7 Rc8 15.Bxd6 Bxd6
16.Qxd6 Rxf3 17.gxf3 Nxh2 18.Rfd1 Nxf3+ 19.Kf1 Nd4 20.Rxd4 exd4 21.Qxd4 Nf6
22.Nc3 Rd8 23.Qb6 Ng4 24.Rd1 Rxd1+ 25.Nxd1 Qd7 26.Qb3 h5  1/2-1/2

[Event "4th Rectors Cup"]
[Site "Belgorod RUS"]
[Date "2008.02.27"]
[Round "3"]
[White "Benza,A"]
[Black "Solodovnichenko,Y"]
[Result "1-0"]
[WhiteElo "2333"]
[BlackElo "2541"]

1.e4 c5 2.Nf3 d6 3.d4 Nf6 4.Nc3 cxd4 5.Nxd4 a6 6.Be3 e6 7.f3 Nc6 8.Qd2 Be7
9.g4 O-O 10.O-O-O Nd7 11.h4 Nde5 12.Qg2 Nxd4 13.Bxd4 Bd7 14.g5 b5 15.Kb1 b4
16.Ne2 Qc7 17.f4 Rfc8 18.Ng3 Nc6 19.Be3 a5 20.g6 fxg6 21.h5 g5 22.Bc4 Kh8
23.f5 Ne5 24.Bxe6 Bxe6 25.fxe6 h6 26.Nf5 a4 27.Bd4 Bf6 28.Rhf1 Kh7 29.Ne3 b3
30.Rf2 Qe7 31.Qh3 bxc2+ 32.Nxc2 g4 33.Qg2 Qxe6 34.Nb4 Nf3 35.Bxf6 Qxe4+ 36.Ka1 gxf6
37.a3 Qf4 38.Rc2 Kh8 39.Nd5 Qg5 40.Ne7 Re8 41.Ng6+ Kg8 42.Rc7 f5 43.Rxd6 Rad8
44.Ne7+ Kf8 45.Rxd8 Rxd8 46.Ng6+ Kg8 47.Qe2  1-0

[Event "ch-ROU"]
[Site "Cluj ROU"]
[Date "2008.02.27"]
[Round "4"]
[White "Nevednichy,V"]
[Black "Nemeth,F"]
[Result "1-0"]
[WhiteElo "2538"]
[BlackElo "2451"]

1.e4 c5 2.Nf3 d6 3.d4 cxd4 4.Nxd4 Nf6 5.Nc3 a6 6.Be3 e5 7.Nf3 Qc7 8.a4 h6
9.Be2 Be7 10.O-O O-O 11.a5 Be6 12.Nd5 Nxd5 13.exd5 Bf5 14.c4 Nd7 15.b4 Bh7
16.Qb3 Kh8 17.Rfc1 Rac8 18.Rd1 f5 19.Rac1 f4 20.Bd2 Qb8 21.Be1 Nf6 22.Bc3 Qa7
23.Bf1 Rfd8 24.Be1 g5 25.c5 g4 26.Nxe5 dxe5 27.d6 Bf8 28.Bc3 Nd7 29.Qe6 g3
30.hxg3 fxg3 31.Bxe5+ Nxe5 32.Qxe5+ Bg7 33.Qxg3 Rf8 34.Bd3 Qb8 35.Bxh7 Kxh7
36.Rc4 Rcd8 37.Re1 Rf7 38.Rce4 Rg8 39.Re7 Qf8 40.Rxf7 Qxf7 41.Re7 Qd5 42.Qe3 Kh8
43.g3 Rf8 44.Re4 Qd1+ 45.Kg2 Qd5 46.f3 Qa2+ 47.Qe2 Qxe2+ 48.Rxe2 Bc3 49.d7 Kg8
50.Re8 Bf6 51.b5 Kf7 52.c6 Rxe8 53.c7  1-0

[Event "58th ch-RUS w 1st liga"]
[Site "Smolensk RUS"]
[Date "2008.02.27"]
[Round "1"]
[White "Sysoykina,L"]
[Black "Airapetian,Ta"]
[Result "0-1"]
[WhiteElo "1737"]
[BlackElo "2162"]

1.e4 c5 2.Nf3 d6 3.d4 cxd4 4.Nxd4 Nf6 5.Nc3 a6 6.Be3 e6 7.f3 b5 8.Qd2 Nbd7
9.g4 h6 10.h4 b4 11.Nc6 Qc7 12.Nxb4 Ne5 13.Qf2 Rb8 14.Nd3 Rxb2 15.O-O-O Rb8
16.Na4 Nc4 17.Bd4 Qa5 18.Ndb2 Nxb2 19.Nxb2 e5 20.Ba7 Rb7 21.Bc4 Be6 22.Bb3 Bxb3
23.cxb3 Qxa2 24.Qc2 Qa1+ 25.Kd2 Qa5+ 26.Kc1 Rxa7 27.Qc6+ Nd7 28.Nc4 Qc3+
29.Kb1 Qxb3+ 30.Kc1 Qc3+ 31.Kb1 Qb4+ 32.Kc2 Qc5 33.Qa4 Rc7 34.Kc3 Qb5  0-1